Prosperidad: por un crecimiento con equidad en el siglo XXI
Kaydedildi:
| Asıl Yazarlar: | , |
|---|---|
| Materyal Türü: | Kitap |
| Dil: | İspanyolca |
| Baskı/Yayın Bilgisi: |
Buenos Aires
Fondo de Cultura Económica
2001
|
| Edisyon: | 1a. ed |
| Seri Bilgileri: | Sección Obras de Economía
|
| Konular: | |
| Etiketler: |
Etiketle
Etiket eklenmemiş, İlk siz ekleyin!
|
MARC
| LEADER | 00000cam a2200000 a 4500 | ||
|---|---|---|---|
| 001 | UCD6836 | ||
| 003 | CL-VaPUC | ||
| 008 | 170226e20010000ag |||||||||||||||||spa|d | ||
| 020 | |a 9505574908 | ||
| 082 | 0 | 4 | |a 330.904 |b BLU |2 21 |
| 100 | 0 | |a Bluestone, Barry |e author |9 590675 | |
| 700 | 0 | |a Harrison, Bennett |e author |9 590676 | |
| 245 | 1 | 0 | |a Prosperidad: por un crecimiento con equidad en el siglo XXI |
| 250 | |a 1a. ed | ||
| 300 | |a 335 p | ||
| 942 | |c BK | ||
| 945 | |d 20170226 00:48:00 |a dcastane | ||
| 260 | |a Buenos Aires |b Fondo de Cultura Económica |c 2001 | ||
| 650 | 7 | |a ECONOMIA MUNDIAL |2 CL-VaPUC |9 590677 | |
| 650 | 0 | |a Crecimiento económico |9 314037 | |
| 650 | 0 | |a Desarrollo económico y social |9 256320 | |
| 583 | |a last modification |c 20170226 00:48:00 |k Rodrigo Vera | ||
| 490 | 0 | |a Sección Obras de Economía | |
| 999 | |c 367013 |d 367011 | ||
| 952 | |0 0 |1 0 |3 erb |4 0 |6 330_904000000000000_BLU_2001 |7 0 |8 A |9 481691 |a BIBENE |b BIBENE |i 5327849 |o 330.904 BLU 2001 |p 5327849 |r 2025-01-15 |w 2019-11-24 |y BK |z Catalogado en:20170226 |k ICO | ||